| 000 | 00853nam a22002417a 4500 | ||
|---|---|---|---|
| 001 | 4309 | ||
| 003 | FISKH | ||
| 005 | 20250826103601.0 | ||
| 008 | 240717b cb ||||| |||| 00| 0 eng d | ||
| 020 | _a9780439992305 | ||
| 040 |
_aFISKH _beng _cFISKH _dFISKH |
||
| 050 | _aPZ7 | ||
| 082 | _a500 | ||
| 100 | _aKimpton, Diana | ||
| 245 |
_aSpectacular special effects / _cDiana Kimpton ; Illustrated by Royston Robertson |
||
| 260 |
_aLondon : _bScholastic, _c2002. |
||
| 300 |
_a159 pages : _billustrations ; _c20 cm |
||
| 520 | _aA guide to the sensational secrets of special effects - from multi million-dollar computer magic in blockbuster movies to spectacular effects you can use in your own school play. | ||
| 650 |
_aTechnology _xSpecial Effects |
||
| 700 |
_aRobertson, Royston _eillustrator |
||
| 942 |
_2ddc _cBK _n0 |
||
| 999 |
_c4309 _d4309 |
||